<?xml version="1.0" encoding="UTF-8"?><?xml-stylesheet type="text/xsl" href="static/style.xsl"?><OAI-PMH xmlns="http://www.openarchives.org/OAI/2.0/" xmlns:xsi="http://www.w3.org/2001/XMLSchema-instance" xsi:schemaLocation="http://www.openarchives.org/OAI/2.0/ http://www.openarchives.org/OAI/2.0/OAI-PMH.xsd"><responseDate>2026-04-26T23:38:48Z</responseDate><request verb="GetRecord" identifier="oai:uvadoc.uva.es:10324/41354" metadataPrefix="marc">https://uvadoc.uva.es/oai/request</request><GetRecord><record><header><identifier>oai:uvadoc.uva.es:10324/41354</identifier><datestamp>2021-06-30T03:04:53Z</datestamp><setSpec>com_10324_38</setSpec><setSpec>col_10324_852</setSpec></header><metadata><record xmlns="http://www.loc.gov/MARC21/slim" xmlns:doc="http://www.lyncode.com/xoai" xmlns:xsi="http://www.w3.org/2001/XMLSchema-instance" xmlns:dcterms="http://purl.org/dc/terms/" xsi:schemaLocation="http://www.loc.gov/MARC21/slim http://www.loc.gov/standards/marcxml/schema/MARC21slim.xsd">
<leader>00925njm 22002777a 4500</leader>
<datafield tag="042" ind1=" " ind2=" ">
<subfield code="a">dc</subfield>
</datafield>
<datafield tag="720" ind1=" " ind2=" ">
<subfield code="a">Esparza Charro, Javier</subfield>
<subfield code="e">author</subfield>
</datafield>
<datafield tag="260" ind1=" " ind2=" ">
<subfield code="c">2019</subfield>
</datafield>
<datafield tag="520" ind1=" " ind2=" ">
<subfield code="a">La enseñanza y el aprendizaje de segundas lenguas cobra cada vez más importancia en un mundo cada vez más globalizado y mejor conectado donde ya no hace falta viajar a otro país para escuchar personas nativas hablando en su idioma, sino que el acceso fácil y gratuito a los recursos de la red nos lo permite, democratizando así el conocimiento y el acceso a la información. Hoy en día coexisten varios métodos de aprendizaje y enseñanza de lenguas, sin embargo, aún no se ha encontrado el método perfecto que funcione para la gran variedad de contextos y tipos de estudiantes. Del mismo modo, todos ellos relegan la enseñanza de la comprensión oral a un segundo plano, por lo que siempre ha sido la menos investigada. El propósito de este trabajo es conocer el motivo por el que los estudiantes de Traducción e Interpretación tienen dificultades con esta destreza y elaborar una propuesta didáctica para que puedan mejorar su competencia comunicativa mediante el uso de las TIC y, más concretamente, de la plataforma de vídeos en línea YouTube.</subfield>
</datafield>
<datafield tag="024" ind2=" " ind1="8">
<subfield code="a">http://uvadoc.uva.es/handle/10324/41354</subfield>
</datafield>
<datafield tag="245" ind1="0" ind2="0">
<subfield code="a">Propuesta didáctica para la enseñanza del listening a estudiantes de Traducción e Interpretación mediante vídeos de YouTube</subfield>
</datafield>
</record></metadata></record></GetRecord></OAI-PMH>